Campeones de US Open - Estadísticas

Estadísticas generales
  • Esta prueba ha sido intentada 41 veces
    11 desde el último reinicio
  • La puntuación promedio es 44 de 145
Estadísticas de respuestas
Año Vencedor % Correcto
2022 | 2025 Carlos Alcaraz
100%
2024 Jannik Sinner
100%
2011 | 2015 | 2018 | 2023 Novak Djokovic
100%
2010 | 2013 | 2017 | 2019 Rafael Nadal
100%
2004 | 2005 | 2006 | +2 others Roger Federer
100%
1979 | 1980 | 1981 | 1984 John McEnroe
90%
1994 | 1999 Andre Agassi
80%
2012 Andy Murray
80%
2009 Juan Martín del Potro
80%
1990 | 1993 | 1995 | +2 others Pete Sampras
80%
1917 | 1918 Robert Lindley Murray
80%
2021 Daniil Medvédev
70%
2016 Stanislas Wawrinka
70%
1989 Boris Becker
60%
2020 Dominic Thiem
60%
1985 | 1986 | 1987 Ivan Lendl
60%
2000 Marat Safin
60%
1962 | 1969 Rod Laver
60%
1968 Arthur Ashe
50%
1974 | 1976 | 1978 | +2 others Jimmy Connors
50%
2001 Lleyton Hewitt
50%
2014 Marin Čilić
50%
1988 Mats Wilander
50%
2003 Andy Roddick
40%
1977 Guillermo Vilas
40%
1965 Manuel Santana
30%
1926 | 1927 René Lacoste
30%
1991 | 1992 Stefan Edberg
30%
1972 Ilie Năstase
20%
1975 Manuel Orantes
20%
1997 | 1998 Patrick Rafter
20%
1971 Stan Smith
20%
1937 | 1938 Don Budge
10%
1933 | 1934 | 1936 Fred Perry
10%
1967 | 1973 John Newcombe
10%
1956 | 1970 Ken Rosewall
10%
1903 Lawrence Doherty
10%
1957 Mal Anderson
10%
1961 | 1964 Roy Emerson
10%
1950 Art Larsen
0%
1958 Ashley Cooper
0%
1905 Beals Wright
0%
1915 | 1919 Bill Johnston
0%
1920 | 1921 | 1922 | +4 others Bill Tilden
0%
1939 | 1941 Bobby Riggs
0%
1940 Don McNeill
0%
1931 | 1932 Ellsworth Vines
0%
1944 | 1945 Frank Parker
0%
1951 | 1952 Frank Sedgman
0%
1895 Fred Hovey
0%
1966 Fred Stolle
0%
1928 Henri Cochet
0%
1888 | 1889 Henry Slocum
0%
1904 Holcombe Ward
0%
1946 | 1947 Jack Kramer
0%
1943 Joe Hunt
0%
1930 John Doeg
0%
1898 | 1899 | 1900 Malcolm Whitman
0%
1912 | 1913 Maurice McLoughlin
0%
1959 | 1960 Neale Fraser
0%
1890 | 1891 | 1892 Oliver Campbell
0%
1948 | 1949 Pancho Gonzales
0%
1963 Rafael Osuna
0%
1914 | 1916 Richard Norris Williams
0%
1881 | 1882 | 1883 | +4 others Richard Sears
0%
1893 | 1894 | 1896 | 1897 Robert Wrenn
0%
1942 Ted Schroeder
0%
1953 | 1955 Tony Trabert
0%
1954 Vic Seixas
0%
1906 William Clothier
0%
1901 | 1902 | 1907 | +4 others William Larned
0%
1935 Wilmer Allison
0%
No se encontraron pruebas coincidentes
Distribución de puntuación
Porcentaje de gente con cada puntuación
Porcentaje por número respondido
Historial de tus puntuaciones
No has intentado esta prueba desde el último reinicio